000 00534 a2200157 4500
003 Nust
005 20230123121834.0
040 _cNust
082 _a808.83,WOU
100 _aWouk , Herman
_9107412
245 _aThe 'Caine' Mutiny /
_cHerman Wouk
260 _aLondon
_bJonthann cape
505 _aWillie Keith (Page-9), The Caine (Page-54), Captain Queeg (Page-115), Shore Leave (Page-185), The Mutiny (Page-212), The Court Martial (Page-333), The Last Captain of The Caine (Page-432).
650 _aNovel
_92525
942 _2ddc
_cBK
999 _c186668
_d186668